000
00261nam a2200097Ia 4500
001
1143288
005
20250827010153.0
008
250824s9999 xx 000 0 und d
245
0
_a
SOMUNCU BABA N5 36
_c
MAHMUT ULU
260
_b
KARATAY AKADEMİ YAYINLARI
999
_c
1143288
_d
1143288